000 01038nam a2200205 a 4500
001 46763
005 20180714030448.0
008 140415s2000 mx 000 0 spa d
020 _a9684445105
041 _aspa
082 _a657.450285
_bZAM
100 1 _aZAMARRIPA ESCAMILLA, EDUARDO
245 1 0 _aAUDITORIA
250 _a1a ed.
260 _aMEXICO :
_bINSTITUTO TECNOLOGICO AUTONOMO DE MEXICO,
_c2000
300 _a313
_c26.9 x 20.9 x 0.6
500 _aNO TRAÍA EL CD
520 _aCOMO PARTE DE LA REVOLUCIÓN TECNOLÓGICA QUE ESTAMOS VIVIENDO HOY EN DÍA, LAS COMPUTADORAS SE POSICIONAN COMO PIEZA FUNDAMENTAL EN LAS DIFERENTES ÁREAS DEL CONOCIMIENTO Y EN ESPECIAL, EN EL CAMPO DE LA EDUCACIÓN. LA EDUCACIÓN ASISTIDA POR COMPUTADORA PROPORCIONA AL ESTUDIANTE UN AMBIENTE DE APRENDIZAJE CARACTERIZADO POR INTERACCCIÓN ENTRE ÉSTE Y LA COMPUTADORA. EN RESPUESTA AL RETO QUE ENFRENTA EL PROCESO DE ENSEÑANZA- APRENDIZAJE, EL INSTITUTO TECNOLÓGICO AUTÓNOMO DE MÉXICO HA DESARRO
650 1 4 _aAUDITORIA
999 _c46763
_d46763